[Event "FRA-chT Top 12"]
[Site "Brest"]
[Date "2019.05.27"]
[Round "10.1"]
[White "Ragger, Markus"]
[Black "Harikrishna, Pentala"]
[Result "1/2-1/2"]
[WhiteElo "2682"]
[BlackElo "2730"]
[Annotator "Mekhitarian,K"]
[PlyCount "38"]
[EventDate "2019.05.18"]
[EventType "team-tourn"]
[EventRounds "11"]
[EventCountry "FRA"]
[SourceTitle "CBM 190 Extra"]
[Source "ChessBase"]
[SourceDate "2019.07.15"]
[SourceVersion "1"]
[SourceVersionDate "2019.07.15"]
[SourceQuality "1"]
[WhiteTeam "Bischwiller"]
[BlackTeam "Asnieres"]
[WhiteTeamCountry "FRA"]
[BlackTeamCountry "FRA"]
[TimeControl "40/5400+30:1800+30"]

1. e4 {[%emt 0:00:00]} e5 {[%emt 0:00:00]} 2. Nf3 {[%emt 0:00:00]} Nc6 {
[%emt 0:00:00]} 3. Bc4 {[%emt 0:00:00]} Bc5 {[%emt 0:00:43]} 4. c3 {[%emt 0:00:
00]} Nf6 {[%emt 0:00:22]} 5. d3 {[%emt 0:00:00]} d6 {[%emt 0:01:09]} 6. O-O {
[%emt 0:00:06]} a6 {[%emt 0:01:43]} 7. Bb3 {[%emt 0:01:42]} Ba7 {[%emt 0:02:48]
} 8. Nbd2 {[%emt 0:00:54]} O-O {[%emt 0:00:28]} 9. Re1 {[%emt 0:03:10]} h6 {
[%emt 0:02:46]} 10. Nf1 {[%emt 0:00:52]} Re8 {[%emt 0:01:44]} 11. h3 {[%emt 0:
08:53]} Be6 {[%emt 0:01:57]} 12. Ng3 {[%emt 0:02:10]} Bxb3 {[%emt 0:08:28]} 13.
Qxb3 {[%emt 0:00:12]} Qd7 {[%emt 0:04:52]} 14. Be3 {[%emt 0:03:23]} Bxe3 {
[%emt 0:02:59]} 15. Rxe3 {[%emt 0:00:43]} (15. fxe3 d5 16. exd5 Qxd5 17. Qxd5
Nxd5 18. Rad1 Rad8 19. Rd2 b6) 15... d5 {[%emt 0:01:58]} 16. Rae1 {[%emt 0:08:
16]} (16. Re2 dxe4 17. dxe4 Na5 18. Qc2 Rad8 19. Rd2 Qe6 20. b3 Rxd2 21. Qxd2
Nc6 22. Rd1 Rd8 23. Qe2 Rd6 24. Nh4 Ne7 25. Qf3 g6 26. Qe2 Kg7 27. Nf3 Nc6 28.
Kh2 Qd7 29. Rxd6 Qxd6 30. a4 Na5) 16... Na5 $146 {[%emt 0:02:47]} ({RR} 16...
dxe4 17. Nxe4 Nxe4 ({RR} 17... Nd5 18. Nc5) 18. Rxe4 ({RR} 18. dxe4 Red8) 18...
Qxd3 19. Qxb7 ({RR} 19. Nxe5 Nxe5 20. Rxe5 Rxe5 21. Rxe5 b6 22. Re7 ({RR} 22.
Qd5 Qxd5 23. Rxd5 Re8 24. Kf1 Kf8 25. Rd7 Re7) 22... Qb1+ 23. Kh2 Qf5 24. Re2
Rd8) 19... Qb5 20. Qxb5 ({RR} 20. Qxc7 Rac8 21. Qd7 Qxb2 ({RR} 21... Red8 22.
Qf5 Qxb2 23. Rg4 Ne7 24. Qxe5 ({RR} 24. Qh5 Ng6 25. Nxe5 Re8 26. Rge4 Rxe5 27.
Rxe5 Nxe5 28. Qxe5 Qxc3) 24... Ng6) 22. Rf4 ({RR} 22. Rc4 Qb5 ({RR} 22... Red8
23. Qf5 Qb8 24. Rg4 Qd6) 23. Rf4 f6 24. Rg4 g5) 22... Ne7 23. Nxe5 Rcd8 24. Qg4
Qxc3 25. Re3 f5 26. Qh5 Qa1+ 27. Kh2 Rf8 28. Ng6 Nxg6 29. Qxg6 Qf6 30. Re6 Qxg6
31. Rxg6 a5 32. Ra6 Rd5) 20... axb5 21. Nxe5 ({RR} 21. a3 f6) 21... Rxe5 22.
Rxe5 Nxe5 23. Rxe5 b4 ({RR} 23... Rxa2 24. Rxb5) 24. cxb4 ({RR} 24. Rb5 bxc3
25. bxc3 Rxa2 26. Rb7 g5 ({RR} 26... c5 27. Rb5) 27. Rxc7 Rc2 28. g3 Kg7 29.
Kg2 Kg6 30. Kf3 h5 31. c4 h4 ({RR} 31... g4+ 32. hxg4 hxg4+ 33. Ke3 ({RR} 33.
Kxg4 Rxf2) 33... f6 34. c5 Kf5 35. c6 Ke5 36. Kd3 Rxf2 ({RR} 36... Rc1 37. Rc8
Kd6 38. Rf8 Ke7 39. Rg8 Rxc6 40. Rxg4) 37. Re7+ Kd6 38. c7) 32. gxh4 gxh4 33.
c5 f6 34. c6 Kf5 35. Ke3 ({RR} 35. Rc8 Rc3+ 36. Kg2 Kf4 37. c7 f5) 35... Ke5)
24... Rxa2 25. Re8+ Kh7 26. Re7 Rxb2 27. Rxc7 Rxb4 28. Rxf7 h5 29. g3 Kh6 30.
Kg2 Rb3 31. g4 {Supi,L (2470)-Mekhitarian,K (2563) Pocos de Caldas 2016 CBM
172 [Mekhitarian,K] 1/2-1/2 (39)}) 17. Qa3 {[%emt 0:01:34]} ({RR} 17. Qc2 dxe4
18. Nxe4 Nd5) 17... Nc6 {[%emt 0:03:29]} 18. Qb3 {[%emt 0:00:15]} ({RR} 18.
R3e2 dxe4 19. Nxe4 Nd5 20. Nc5 Qf5) 18... Na5 {[%emt 0:02:17]} 19. Qa3 {
[%emt 0:05:14]} Nc6 {[%emt 0:01:50]} 1/2-1/2

[Event "Metz op 31th"]
[Site "Metz"]
[Date "2013.04.25"]
[Round "9"]
[White "Degraeve, Jean Marc"]
[Black "Greenfeld, Alon"]
[Result "0-1"]
[WhiteElo "2567"]
[BlackElo "2545"]
[Annotator "Metz Alekhine/Primel,D"]
[PlyCount "48"]
[EventDate "2013.04.20"]
[EventType "swiss"]
[EventRounds "9"]
[EventCountry "FRA"]
[SourceTitle "EXT 2016"]
[Source "ChessBase"]
[SourceDate "2015.10.08"]
[SourceVersion "1"]
[SourceVersionDate "2015.10.08"]
[SourceQuality "1"]
[TimeControl "40/5400:1800+30"]
[WhiteClock "1:30:00"]
[BlackClock "1:30:00"]

1. e4 e5 2. Nf3 Nc6 3. Bc4 Nf6 4. d3 Bc5 5. O-O (5. c3 {La grande ligne} a6 (
5... d6 6. O-O O-O 7. Bb3 (7. Nbd2)) 6. Bb3 Ba7 7. h3 d5 8. Qe2 O-O 9. Bg5 dxe4
10. dxe4 h6 11. Bh4 Qe7 12. Nbd2 Be6 13. Bc2 g5 14. Bg3 Nd7 15. h4 f6 16. O-O-O
Bg4 $2 {Tiviakov,S (2658)-Sammalvuo,T (2453) Kurdistan op 2nd 2013 (5) 1-0} (
16... g4 $8 17. Nh2 h5 $132)) 5... d6 6. c3 a6 (6... O-O) 7. Bb3 Ba7 8. Nbd2
O-O 9. Re1 (9. h3) (9. Nc4) 9... Ng4 {[%cal Ga7f2,Gf7f5]} 10. Re2 Kh8 11. h3
Nh6 {[%cal Gf7f5]} 12. Nf1 (12. g4 {L'alternative pour empêcher la poussée
f5 mais au détriment d'un sérieux affaiblissement des cases Noires de
l'aile-roi} Nxg4 $1 13. hxg4 Bxg4 14. Nh2 Qh4 $44 {Izmukhambetov,S (2530)
-Aronian,L (2390) RUS-Cup2 Moscow 1996 (2) 1/2-1/2}) 12... f5 $132 13. Bg5 (13.
Bxh6) (13. d4 fxe4 14. Rxe4 d5 15. Bg5 (15. Rxe5 $5 $146 Nxe5 16. Nxe5 Qf6 17.
Be3 $44) 15... dxe4 $13 {Gipslis,A (2465)-Hector,J (2470) BL2-Nord 9798 1997 
(4.1) 1/2-1/2}) (13. Bxh6 gxh6 14. exf5 Bxf5 15. Bd5 Qf6 16. Qd2 Ne7 17. Bxb7
Rab8 18. Be4 Bxh3 19. gxh3 Rg8+ 20. Kh1 d5 21. N1h2 dxe4 22. Rxe4 Ng6 23. Qxh6
Rxb2 24. Nxe5 Rxf2 25. Nxg6+ Qxg6 26. Qxg6 Rxg6 27. d4 Rc2 28. Re3 c5 29. Re7
Bb8 30. Ng4 Rxc3 31. Rb1 Rxh3+ 32. Kg2 Rg3+ 33. Kf2 R3xg4 34. Rxb8+ Rg8 35.
Rxg8+ Kxg8 36. dxc5 Rc4 37. Ra7 Rxc5 38. Rxa6 {1/2-1/2 (38) Vocaturo,D (2581)
-Haslinger,S (2543) Hoogeveen 2010}) 13... Qd7 (13... Qe8 {Plus naturel} 14.
exf5 Nxf5 $132 {Winge,S (2346)-Barkhagen,J (2521) SWE-chT 0405 2004 (4) 0-1})
14. Bxh6 gxh6 15. exf5 Rxf5 $146 (15... Qg7 16. Ne3 Ne7 17. Kh1 Nxf5 18. Ng4
Ne7 {1/2-1/2 (18) Hiermann,D (2310)-Eidner,F (2000) Germany 2008}) 16. Bd5 {
[%csl Gd5][%cal Gd5e4]} Qg7 17. d4 Bd7 18. Ne3 Rh5 (18... Rxf3 19. Bxf3 exd4
$44) 19. dxe5 Bxh3 $1 20. exd6 cxd6 21. Bxc6 bxc6 22. Qxd6 Rf8 {[%csl Rf3]
[%cal Gf8f3]} 23. Qg3 $13 Qxg3 24. fxg3 Bg4 {Suite illisible et gain Noir au
86ème coup.} 0-1

[Event "Bundesliga 0506"]
[Site "Germany"]
[Date "2005.11.11"]
[Round "7.8"]
[White "Skripchenko, Almira"]
[Black "Sebastian, Dirk"]
[Result "1-0"]
[WhiteElo "2462"]
[BlackElo "2362"]
[Annotator "Meyer,CD"]
[PlyCount "147"]
[EventDate "2005.10.21"]
[EventType "team-tourn"]
[EventRounds "15"]
[EventCountry "GER"]
[SourceTitle "CBM 110"]
[Source "ChessBase"]
[SourceDate "2006.01.31"]
[SourceVersion "1"]
[SourceVersionDate "2006.01.31"]
[SourceQuality "1"]
[WhiteTeam "Werder Bremen"]
[BlackTeam "Hamburger SK"]
[WhiteTeamCountry "GER"]
[BlackTeamCountry "GER"]

1. e4 e5 2. Nf3 Nc6 3. Bc4 Bc5 4. c3 Nf6 5. d3 d6 6. Bb3 O-O 7. O-O a6 8. Be3
Ba7 9. Nbd2 Ne7 10. h3 {Jetzt ziemlich nutzlos, P. Lukacs/CBM. Alternativen:} (
{I} 10. Bxa7 Rxa7 11. d4 (11. Nh4 g5 $1 $132) (11. Re1 Ng6 12. Nf1 c5 13. d4 b5
14. a4 Rd7 15. axb5 axb5 16. d5 Qb6 17. Bc2 Ra7 18. Rxa7 Qxa7 $15 {
Miroshnichenko-Socko, Barlinek 2002.}) 11... Ng6 12. Re1 Ra8 13. Nf1 exd4 $5 (
13... Re8 14. Ng3 $14) 14. cxd4 d5 15. e5 $142 (15. exd5 Nf4 $11 {/\ N4d5})
15... Ne4 16. Ng3 (16. Bc2 Bf5 (16... Ng5 17. Ne3) 17. Ne3 $14) 16... Nxg3 17.
hxg3 Bg4 18. Qd2 f6 19. Nh2 $5 (19. exf6 Rxf6 (19... Bxf3 20. fxg7 $1 Kxg7 21.
gxf3 Rxf3 22. Re6 $16) 20. Ne5 $14) 19... Be6 20. Bc2 fxe5 $6 (20... f5 $5 21.
Nf3 $14 (21. f4 b6 (21... Qe7 22. Nf3) 22. Nf3 Qe7 23. Rac1 $14)) (20... Ne7
21. Nf3 $14) 21. Bxg6 $1 hxg6 22. Rxe5 Qd6 23. Rae1 Bd7 (23... Bf5 24. Nf3 $16)
24. Nf3 Rae8 25. Qg5 Rxe5 26. dxe5 (26. Nxe5 $5) 26... Qb6 27. e6 $5 (27. Qh4
$16 {/\ Ng5}) 27... Bxe6 28. Qxg6 Bf5 29. Qxb6 cxb6 30. Nd4 $16 {, R.
Kasimdzhanov - C. Sandipan, Pune 2004, CBM 104/Lukacs}) ({II} 10. Nh4 $5 {
(um ...Ng6 zu entkräften)} Bxe3 (10... Ng6 11. Nxg6 hxg6 12. Bxa7 Rxa7 13. f4
exf4 14. Rxf4 Qe7 15. Rf1 Be6 16. Nf3 $14) 11. fxe3 Kh8 (11... Ng6 12. Nf5 (12.
Nxg6 $14) 12... c6 13. d4 $14 {Barua-Sasikiran, Nagpur 2002, Lukacs}) 12. h3
Neg8 13. a4 g6 (13... Nxe4 $5 14. Nxe4 Qxh4 15. Bxf7 Qh6 $13) 14. Nhf3 $14 {
, P. Motwani - N. Short, Catalan Bay 2004}) 10... Ng6 11. d4 (11. Re1 h6 12.
Nf1 Re8 13. Ng3 Be6 $11 {Esplana-Mannion, Bled 2002.}) 11... Qe7 12. Re1 h6 13.
Nh2 (13. Nf1 Nh7 14. Qd2 Nh4 15. Nxh4 Qxh4 16. dxe5 dxe5 17. Bxa7 Rxa7 18. Ng3
Ra8 19. Qe3 b6 20. Rad1 g6 21. Rf1 Qf4 22. Qxf4 exf4 23. Ne2 g5 24. Bd5 Rb8 25.
Nd4 Bd7 26. Bc6 {remis, Rathnakaran,K-Iuldachev,S, Mumbai IND 2004}) 13... Be6
14. Bc2 c6 15. Nhf1 Bb8 16. Ng3 Nh4 17. Nf3 Nh7 18. Nxh4 Qxh4 19. dxe5 dxe5 20.
Nf5 Bxf5 21. exf5 Nf6 22. a4 Re8 23. a5 Nd5 ({Um das weiße Läuferpaar zu
kappen, aber besser war vermutlich} 23... e4 $142 $5 {, und falls} 24. Qe2 {
/Ra4/Bd4, so jeweils Be5.}) 24. Ra4 $1 Nxe3 25. Rxe3 Qf6 26. Rb4 Ba7 27. Rg3
Rad8 28. Qe2 e4 $1 ({Jetzt mag dieser Sperrzug schon erzwungen sein, da der
Turmschwenk Rbg4 sonst zu einem massiven Angriff führen würde: I} 28... Re7 $2
29. Rbg4 Rd6 30. Bb3 $1 Kh8 (30... e4 31. Rg6 Qe5 32. f6 $18) 31. Rxg7 Qxg7 32.
Rxg7 Kxg7 33. Qg4+ Kh7 34. Qh4 f6 35. Qh5 $18 {und Schwarz wird überlastet:}
Rg7 36. Qe8 Rdd7 (36... Bxf2+ 37. Kxf2 Rd2+ 38. Ke1 Rdxg2 39. Bf7) 37. Bg8+) ({
II} 28... Rd7 $2 29. Rbg4 Kh8 30. Rxg7 e4 (30... Qxg7 31. Rxg7 Kxg7 32. Qg4+
Kh8 33. f6 $18) (30... Rdd8 $2 31. Qh5 $18) 31. Qg4 (31. Qh5 $4 e3 $1) 31...
Rdd8 32. Bxe4 $16 Bb8 33. f4 Ba7+ 34. Kf1 {, und Schwarz hat sein Pulver
verschossen:} (34. Kh2 $4 Bf2) 34... Be3 35. Bc2 {/\Bb3+-}) 29. Rxb7 e3 $1 $132
{Auf diesen weiteren Vorstoß des e-Bauern stützt sich das Gegenspiel.} 30. fxe3
(30. Rxa7 $4 Rd2) 30... Qe5 {Nun ist auch Weiß ernsthaft gefordert, und kurz
vor der ersten Zeitkontrolle tauchen höchst komplizierte Fragen auf.} (30...
Re7 $6 31. Rxe7 Qxe7 32. Rf3) 31. Kf2 $4 ({Dieser schwere Fauxpas hätte nicht
nur die Partie, sondern das gesamte Match (Stand 3,5:3,5) beinahe auf den Kopf
gestellt! Eher in Betracht kamen: I} 31. Rxg7+ $6 {reicht nach} Kxg7 32. Rxa7
Qc5 $1 (32... Qxe3+ $2 33. Qxe3 Rxe3 34. Bb3 $16 {/+-}) 33. f6+ {gerade zum
Remis:} Kf8 34. Qg4 Qxe3+ 35. Kh2 Qe5+ 36. Qg3 Qxf6 37. Bb3 Re7 38. Rxe7 Qxe7
39. Bc4 c5 40. Bxa6 Ra8 41. Bc4 Rxa5 42. Qb8+ Kg7 43. Qg3+ Kh8 44. Qf4 Kg7 45.
Qg3+ $11) ({II Korrekt war} 31. Rf3 $1 Bxe3+ 32. Rxe3 $1 Qxe3+ 33. Qxe3 Rxe3
34. Bb3 $14 {, und für die geopferte Qualität hätte Weiß mehr als
ausreichenden Ersatz gehabt.}) 31... Qf4+ 32. Rf3 (32. Qf3 $4 Bxe3+ 33. Kf1
Qc4+ 34. Qe2 Qxe2+ 35. Kxe2 Rd2+ 36. Kf3 Rxc2 $19) 32... Bxe3+ 33. Kf1 $2 ({
Und hier war} 33. Qxe3 {vonnöten:} Qh4+ (33... Rd2+ 34. Kg1 Qxe3+ 35. Rxe3 Rxe3
36. Ba4 $13 {/=}) 34. g3 Qxh3 35. Rd7 $1 (35. Re7 $6 Qh2+ 36. Ke1 (36. Kf1 $4
Rxe7 37. Qxe7 Rd2 $19) 36... Rxe7 37. Qxe7 Qd2+ 38. Kf1 Qc1+ 39. Kg2 Rd2+ 40.
Rf2 Rxf2+ 41. Kxf2 Qxc2+ 42. Ke3 Qxf5 43. Qe8+ Kh7 44. Qxc6 Qxa5) 35... Qh2+
36. Kf1 Qxc2 37. Rxd8 Rxd8 38. Rf2 Qd1+ 39. Kg2 Qd5+ 40. Qf3 Qxf3+ 41. Kxf3 Rd5
42. Ke4 Rxa5 43. Rd2 $15 {, und Weiß sollte das Turmendspiel halten.}) 33...
Qe5 $2 ({I} 33... Qg5 $1 34. Bb3 Bc5 $1 {hätte den Einfluß auf die dunklen
Felder mustergültig vergrößert und damit das Match zugunsten von Hamburg
umgekippt:} 35. Bxf7+ Kh8 36. Qxe8+ Rxe8 37. Bxe8 Qc1+ 38. Ke2 Qc2+ 39. Ke1
Qe4+ 40. Kd1 Qxe8 $17 {und z.B.} 41. Rd3 Bf2 42. g4 h5 {usw. Das war die
einzige echte Gewinnchance des Schwarzen.}) ({II} 33... Qh2 $2 34. Rxe3 Qf4+
35. Qf3 (35. Rf3 $4 Qc1+) 35... Qxe3 36. Qxe3 Rxe3 37. Bb3 $13 {/=} (37. Ba4 $2
Re5 38. Bxc6 Rxa5)) 34. Bb3 $1 ({Mit} 34. Rxe3 $2 Qxe3 35. Qxe3 Rxe3 36. Bb3
$13 {/= (wie vorher) muß sich Weiß nun nicht mehr zufrieden geben.}) 34... Rd2
(34... Qh2 $2 35. Rxe3 Qf4+ 36. Qf3 Qxe3 37. Qxe3 Rxe3 38. Rxf7 Kh8 39. Bc4 $16
{/+-}) 35. Rxf7 $2 ({Das Geschehen wird immer dramatischer. I} 35. Qxe3 $1 {
war richtig:} Qxe3 36. Rxe3 Rxe3 37. Rb8+ $1 Kh7 38. Bxf7 g5 39. fxg6+ Kg7 40.
Rb7 (40. Bc4 Rg3 41. Be2 Rxg6 42. Rb7+ Kf6 43. b4 $16) 40... Kf6 41. Bc4 Rg3 (
41... Kxg6 42. Rb6) 42. Be2 Rxg6 43. b4 $16 {Die Idee der weißen
Qualitätshergabe taucht des öfteren auf.}) ({II} 35. Bxf7+ $2 Kf8 $8 36. Bc4
Qh2 37. Rf7+ Kg8 38. Re7+ Kh7 39. Qxd2 Qh1+ 40. Ke2 Bxd2 41. Rxe8 Qe1+ 42. Kd3
Qxe8 43. Kxd2 Qd8+ 44. Bd3 Qg5+ 45. Re3 Qxg2+ 46. Re2 Qd5 (46... Qxh3 $4 47.
f6+ g6 48. Bc4 $18) 47. Kc2 (47. f6+ Kg8) 47... Kg8 48. b4 $13) 35... Rxe2 $2
$138 {Zeitnot verengt den Blick und gebiert eben Fehler.} ({Alternativen: I} 
35... Qh2 36. Re7+ Kh7 37. Qxd2 Qh1+ 38. Ke2 Bxd2 39. Rxe8 Qe1+ 40. Kd3 Qxe8
41. Kxd2 Qb8 ({oder} 41... Qd8+ 42. Kc2 Qxa5 43. Bf7 Qa4+ 44. Kd2 h5 45. Bxh5
Qa2 46. Bg6+ Kh6 47. Kc2 Qa4+ $11) 42. Kc2 Qb5 $13 {/=}) ({II} 35... Kh7 36.
Qxe3 Qxe3 37. Rxe3 Rxe3 $13 {/=} 38. Rf8 (38. f6 Rg3 39. Bc4 Rgxg2 $13 {/=}) (
38. Bc4 Rxb2 39. f6 Rxc3 40. Rxg7+ Kh8 41. Rg8+ $11) 38... h5 (38... g5 $6 39.
Rf7+ Kh8 40. f6) 39. h4 Rxb2 40. Bg8+ Kh6 41. Bc4 Kh7 42. Bg8+ $11) 36. Re7+
Kh8 $4 $138 {Die schlechteste Wahl.} ({I} 36... Kf8 $1 37. Rxe5 Rxe5 (37...
Rf2+ 38. Rxf2 Rxe5 39. Re2 Rxf5+ 40. Ke1 Bf4 41. Ba4 Rxa5 42. Bxc6 Re5 43. Be4
a5 $14) 38. Kxe2 Bc1+ (38... Bb6+ $2 39. Kd3 Rxa5 40. Bc4 $16) 39. Kd1 Bxb2 40.
Ba4 Rxa5 41. Bxc6 $14 Ba1 42. Be4 Ra3 43. Kc2 a5) ({II} 36... Kh7 $2 37. Rxe5
Rxe5 38. Kxe2 Bc1+ 39. Kd1 (39. Kd3 Bxb2 40. g4 Rxa5 41. Re3) 39... Bxb2 40.
Kc2 Ba3 41. Ba4 Rxa5 42. Bxc6 $16) 37. Rxe5 Rxe5 38. Kxe2 Bc1+ ({I} 38... Bg5+
39. Kd3 Rxa5 40. Bc4 $16 Kh7 41. Kc2 Bf6 42. b4 Ra1 43. Bf7 $18) ({II} 38...
Bb6+ 39. Kd3 Rxa5 40. f6 gxf6 (40... Bc5 41. Rf5 gxf6) 41. Rxf6 Rb5 42. Kc2 $18
) 39. Kd1 Bxb2 40. Rd3 $1 {Die Zeitkontrolle war geschafft, und es zeigt sich,
daß der schwarze König auf h8 fatal steht.} h5 41. h4 ({Nachdem Anspannung und
Zeitdruck gefallen waren, findet die Anziehende trotz längerem Nachdenken den
eigentlich naheliegenden Gewinnweg nicht! Zwar ist der Textzug auch okay, aber
logischer erscheint} 41. Rd8+ Kh7 42. h4 {, was а tempo die Mattdrohung 43.
Bg8+ Kh8 (43...Kh6 44.Rd6+ g6 45.Rxg6#) 44.Bf7+ Kh7 45.Bg6+ Kh6 46.Rh8#
schafft. Um das Mattnetz zu verhindern, gibt es darauf zwei Verteidigungen,
nämlich den Aufzug des g-Bauern und Ba3. Da aber 42...g5 wegen 43.hxg5 bzw. 42.
..g6 wegen 43.f6 nebst technischer Gewinnstellung auszuschließen sind, bleibt
nur der Läuferzug. Also 42...} Ba3 {, worauf Weiß mindestens zwei exzellente
Möglichkeiten hat, z.B.:} {I} 43. Bg8+ ({II} 43. Rc8 Rc5 44. Bg8+ ({oder auch} 
44. Kd2 Bb2 (44... g6 45. f6 $18) 45. Kc2 $1 Ba3 (45... Bxc3 46. Bg8+ Kh6 47.
Bc4 $18) 46. Bg8+ Kh6 47. Kb3 Bc1 48. Bf7 g5 49. f6 $18) 44... Kh6 45. Be6 Kh7
46. Kc2 Bb4 47. Bg8+ Kh6 48. Kb3 (48. Bc4 Kh7 49. cxb4 Rxc4+ 50. Kb3 $18) 48...
Bxa5 49. Bc4 Kh7 50. Re8 $1 $18) 43... Kh6 44. Bc4 g5 (44... Kh7 45. Bd3 $1 $18
) 45. Rh8+ (45. f6) 45... Kg7 46. Rg8+ Kf6 47. Rg6+ Kxf5 48. Rxg5+ {nebst
Turmtausch plus Bxa6+-}) 41... Kh7 {Tatsächlich hat Schwarz nichts Besseres.}
42. Be6 $4 ({Ein Fall für den Schachpsychologen? Jedenfalls dachte die
Großmeisterin, den Bauern f5 decken zu müssen und realisierte dabei nicht, daß
sich durch den Einschub des Zugpaares Rd8/Kh7 die Schräge c2-f5(h7) für den
Bb3 öffnet und der f-Bauer tabu ist.} 42. Rd8 {hätte wieder auf den o.a.
Gewinnweg geführt.}) 42... g6 ({Keineswegs das geringere Übel ist} 42... Rxa5 {
, z.B.} 43. Rg3 Ra4 44. Kc2 Ba1 (44... Ba3 45. Kb3 Ra5 (45... Bd6 46. Rd3 Ra3+
47. Kb2 Bc5 48. Rd8) 46. Rg5 Bc1 47. Rxh5+ Bh6 48. g4) 45. Rh3 Ra5 46. Bc4 Kh6
47. Re3 Rxf5 48. Kb1 Ra5 49. Ba2 Bxc3 50. Rxc3 {und vermutlich +-}) 43. Rd7+
Kh6 44. Kc2 gxf5 ({Vorteil behält Weiß auch nach: I} 44... Ba1 45. Rd6 $1 (45.
Rf7 Re3) 45... Rc5 46. Kb3 Rxc3+ 47. Ka2 Rc1 48. Bd7 Kg7 49. Rxg6+) ({II} 44...
Ba3 45. Rf7 $1) 45. Rd6 $2 ({Mit} 45. Kxb2 $1 {bot sich ein eleganter Übergang
ins Turmendspiel an:} Rxe6 46. Ra7 c5 (46... Re2+ 47. Kb3 Rxg2 48. Rxa6 $16)
47. Kb3 $16) 45... Ba3 46. Rxc6 Rxa5 47. Bxf5+ Kg7 48. Bd3 Be7 49. g3 Ra2+ 50.
Kb3 Rg2 51. Re6 Kf8 52. Re3 Bd6 53. Rf3+ Kg7 54. Rf5 Rxg3 55. Bxa6 Be7 56. Kc2
Bxh4 $4 ({Statt dessen hätte der Hamburger ganz locker mit} 56... Kg6 $11 {
die Friedenspfeife reichen können.}) 57. Rxh5 Bf6 58. c4 Kg6 59. Rd5 Kf7 60.
Bb5 Ke6 61. Rd2 Be5 62. Re2 Rf3 63. Rd2 Ra3 64. Rd8 Bd6 65. Re8+ Be7 66. Rc8
Rg3 67. Rc6+ Ke5 68. Rc7 Bb4 69. Rd7 Bd6 70. Bc6 Rh3 71. c5 $2 {Übersieht eine
Riposte!} Bf8 $2 $138 ({Bei einer Restbedenkzeit von knapp 2 Minuten entgeht
Schwarz die geschickte Abwicklung} 71... Bxc5 $1 72. Rd5+ Ke6 73. Rxc5 Kd6 74.
Rc4 Rh5 $1 {/\Rc5=}) 72. Bb7 Rg3 73. c6 Rg7 $4 $138 ({Nach der gegebenen Folge
} 73... Bd6 74. c7 Bxc7 75. Rxc7 {hätte die Anziehende noch etwas das 
(praktisch chancenreiche) Endspiel R+B vs R üben und den Gegner über die Zeit
heben müssen.}) 74. Rxg7 {aufgegeben. Zwar nicht die fehlerloseste, aber mit
Sicherheit die spannendste und nervenaufreibendste Werder-Partie dieses langen
Bundesliga-Wochendendes im Bremer Weserstadion.} 1-0